000 00697nam a2200289Ia 4500
005 20260324145425.0
008 008 260324s9999 xx 000 0 eng d
020 _a9781315267395
037 _aEBOOK
040 _aCRL
040 _beng
040 _cCRL
041 _2eng
041 _aeng
084 _qCRL
100 _aJohn E. Kelly; Chris W. Clegg
_91222913
245 0 _aAutonomy and Control at the Workplace
245 0 _bContexts for Job Redesign
260 _bTaylor and Francis
260 _c1982
365 _a
365 _b115
856 _uhttp://www.taylorfrancis.com/books/9781315267395
942 _cEBOOK
999 _c1830796
_d1830796